00403 2200145 4500245008700000250001100087100001900098650001900117005001900136260004300155041001400198084001300212300002300225336000900248 aPenuntun "Shalat Lengkap"b : Beserta Do'a Dzikir Dan WiridcUst. Labib Mz.hText aCet. 2 aUst. Labib Mz. aPanduan Shalat a20240910101501 aSurabayabTerbit Terang Surabayac1995 aIndonesia a297.3822 a127 hlm. :c20,5cm atext